000 00355nam a22001457a 4500
003 OSt
005 20160727222447.0
008 160704b xxu||||| |||| 00| 0 eng d
040 _cTEST
100 _91979
_a Kublin, H
245 _aChina Selected Readings
260 _aN.J
_b Houghton Mifflin
_c1976
300 _aChina Selected Readings
942 _2ddc
_cBK
999 _c1679
_d1679